| 000 | 00595nam a2200193Ia 4500 | ||
|---|---|---|---|
| 005 | 20250508160637.0 | ||
| 008 | 008 250505s9999 xx 000 0 eng d | ||
| 037 | _aBooks to be hide in OPAC | ||
| 040 |
_aFEDL _beng _cFEDL |
||
| 041 |
_aeng _2eng |
||
| 084 |
_a022.9, SHA _qFEDL |
||
| 100 | _aSharma H. D. | ||
| 245 | 0 | _aLibrary building and furniture: With special reference to college libraries | |
| 260 |
_aJalandhar, India _bIndian Bibliographic Centre _c1970 |
||
| 300 | _axiv,123p | ||
| 650 | _aLibrary science | ||
| 942 |
_cHB _h022.9, SHA |
||
| 999 |
_c1365789 _d1365789 |
||